№ 7 (144); Экономика и предпринимательство

Бібліографічні деталі
Parent link:Экономика и предпринимательство. № 7 (144).— , 2019-
Резюме:Режим доступа: по договору с организацией-держателем ресурса
Мова:Російська
Опубліковано: 2022
Онлайн доступ:https://www.elibrary.ru/contents.asp?id=49834768
Формат: Електронний ресурс Книга
KOHA link:https://koha.lib.tpu.ru/cgi-bin/koha/opac-detail.pl?biblionumber=588561

MARC

LEADER 00000nam2a2200000 4500
001 588561
005 20231101131521.0
035 |a (RuTPU)RU\TPU\prd\291277 
035 |a RU\TPU\prd\290437 
090 |a 588561 
100 |a 20221222a20209999k y0rusy50 ca 
101 0 |a rus 
102 |a RU 
181 0 |a i  
182 0 |a b 
200 0 |a № 7 (144)  |b Электронный ресурс 
203 |a Текст  |c электронный 
210 |d 2022 
333 |a Режим доступа: по договору с организацией-держателем ресурса 
461 1 |0 (RuTPU)RU\TPU\prd\283550  |t Экономика и предпринимательство  |v № 7 (144)  |d 2019- 
801 0 |a RU  |b 63413507  |c 20010227  |g PSBO 
801 1 |a RU  |b 63413507  |c 20170824 
801 2 |a RU  |b 63413507  |c 20221222  |g RCR 
856 4 0 |u https://www.elibrary.ru/contents.asp?id=49834768 
942 |c BK